Fr. Conceicao Rodrigues College of Engineering

Powder Metallurgy:Science (Record no. 30176)

MARC details
000 -LEADER
fixed length control field 00367nam a2200157Ia 4500
082 ## - DEWEY DECIMAL CLASSIFICATION NUMBER
Classification number 669.9
Item number UPA
100 ## - MAIN ENTRY--PERSONAL NAME
Personal name Upadhyaya/Anish/ Upadhyaya/G.S
245 ## - TITLE STATEMENT
Title Powder Metallurgy:Science
260 ## - PUBLICATION, DISTRIBUTION, ETC.
Name of publisher, distributor, etc. Universities Press
Date of publication, distribution, etc. 2011
366 ## - TRADE AVAILABILITY INFORMATION
Publishers's discount category 22
300 ## - PHYSICAL DESCRIPTION
Extent 518
546 ## - LANGUAGE NOTE
Language note ENGLISH
-- Info.Tech
650 ## - SUBJECT ADDED ENTRY--TOPICAL TERM
Topical term or geographic name entry element Metallurgy
654 ## - SUBJECT ADDED ENTRY--FACETED TOPICAL TERMS
Focus term powder metallurgy
942 ## - ADDED ENTRY ELEMENTS (KOHA)
Koha item type BOOK
Holdings
Withdrawn status Lost status Damaged status Not for loan Collection Home library Current library Shelving location Date acquired Source of acquisition Cost, normal purchase price Inventory number Total Checkouts Full call number Barcode Date last seen Cost, replacement price Price effective from Koha item type
        CRC Fr. Agnel's C.Rodrigues College of Engineering Fr. Agnel's C.Rodrigues College of Engineering   17/03/2023 Allied Publishers 526.50 1628 dt 17.03.2016   669.9 UPA 24139 17/03/2023 675.00   BOOK